Aguas refrescantes : (Registro nro. 39806)
[ vista simple ]
| 000 -CABECERA | |
|---|---|
| campo de control de longitud fija | 00577nam a2200181 a 4500 |
| 001 - NÚMERO DE CONTROL | |
| campo de control | 000040316 |
| 005 - FECHA Y HORA DE LA ÚLTIMA TRANSACCIÓN | |
| campo de control | 20201002034043.0 |
| 008 - DATOS DE LONGITUD FIJA--INFORMACIÓN GENERAL | |
| campo de control de longitud fija | 130821s1982 ag 000 0 spa d |
| 040 ## - FUENTE DE LA CATALOGACIÓN | |
| Centro catalogador/agencia de origen | DO-SdBNP |
| Lengua de catalogación | spa |
| Centro/agencia transcriptor | BNPHU |
| 082 ## - NÚMERO DE LA CLASIFICACIÓN DECIMAL DEWEY | |
| Número de clasificación | xxx |
| Número de documento/Ítem | xxx |
| 245 00 - MENCIÓN DE TÍTULO | |
| Título | Aguas refrescantes : |
| Resto del título | meditaciones diarias, seleccionadas del ministerio de Nee To-Sheng. |
| 260 ## - PUBLICACIÓN, DISTRIBUCIÓN, ETC. | |
| Lugar de publicación, distribución, etc. | Buenos Aires, Argentina : |
| Nombre del editor, distribuidor, etc. | Hebron, |
| Fecha de publicación, distribución, etc. | 1982. |
| 300 ## - DESCRIPCIÓN FÍSICA | |
| Extensión | [250] ; |
| Dimensiones | 20 cm. |
| 490 1# - MENCIÓN DE SERIE | |
| Mención de serie | Meditaciones diarías ; |
| 590 ## - NOTA LOCAL (RLIN) | |
| Nota local | Inventariado, 2019/ YL |
| 710 2# - PUNTO DE ACCESO ADICIONAL--NOMBRE DE ENTIDAD CORPORATIVA | |
| Nombre de entidad corporativa o nombre de jurisdicción como elemento de entrada | Nee To-Sheng |
| 9 (RLIN) | 66603 |
| 830 #0 - PUNTO DE ACCESO ADICIONAL DE SERIE-TÍTULO UNIFORME | |
| Título uniforme | Meditaciones diarías |
| 9 (RLIN) | 66604 |
| Estado de retiro | Estado de pérdida | Restricciones de uso | No para préstamo | Código de colección | Localización permanente | Ubicación/localización actual | Ubicación en estantería | Fecha de adquisición | Número de inventario | Total de préstamos | Signatura topográfica completa | Código de barras | Fecha visto por última vez | Precio válido a partir de | Tipo de ítem Koha |
|---|---|---|---|---|---|---|---|---|---|---|---|---|---|---|---|
| Excluido de préstamo | Monografías: Libros y Folletos | General | General | En catalogación | 21.08.2013 | LF1 | xxx xxx | 40316-10 | 25.06.2020 | 25.06.2020 | No se presta |
